Operacje z CS:GO - Statystyki

Ogólne statystyki
  • Ten quiz został rozwiązany 43 razy
  • Średni wynik to 7 z 11
Statystyki odpowiedzi
Hint Odpowiedź % Poprawnych
01.07.2014 - 02.10.2014 Breakout
85%
19.09.2013 - 05.02.2014 Bravo
79%
11.11.2014 - 31.03.2015 Vanguard
79%
03.12.2020 - 03.05.2021 Broken Fang
73%
23.05.2017 - 13.11.2017 Hydra
73%
20.02.2014 - 11.06.2014 Phoenix
70%
18.11.2019 - 31.03.2020 Shattered Web
67%
21.09.2021 - 21.02.2022 Riptide
61%
17.02.2016 - 15.07.2016 Wildfire
52%
25.04.2013 - 31.08.2013 Payback
45%
26.05.2015 - 01.10.2015 Bloodhound
42%
Nie znaleziono quizów pasujących do podanych kryteriów
Rozkład punktacji
Procent ludzi z każdym wynikiem
Percentyl według liczby udzielonych odpowiedzi
Twoja historia wyników
Nie rozwiązałeś tego quizu